Můj Bolehlávek /

Hlavní autor: Beránková, Helena, 1979-
Další autoři: Shipstead, Karolína, 1980-
Jazyk: Čeština
Vydáno: [Praha] : Migréna-help, 2023
Témata:
Fyzický popis: 57 stran : barevné ilustrace ; 21 cm
Knihy
Uloženo v:
LEADER 01775nam a2200493 i 4500
001 nkc20233546047
003 CZ PrNK
005 20250827111707.0
007 ta
008 230904s2023 xr a b 000 j cze
015 |a cnb003546047 
020 |a 978-80-11-05518-9  |q (v knize neuvedeno ;  |q brožováno) 
035 |a (OCoLC)1459785046 
040 |a BOA001  |b cze  |e rda 
072 7 |a 616-053.2  |x Pediatrie  |2 Konspekt  |9 14 
072 7 |a 0/9-053.2  |x Literatura pro děti a mládež (naučná)  |2 Konspekt  |9 26 
080 |a 616.857  |2 MRF 
080 |a 616.1/.9-053.2  |2 MRF 
080 |a (0:82-321.7)  |2 MRF 
080 |a (0.053.2)  |2 MRF 
100 1 |a Beránková, Helena,  |d 1979-  |7 jo2015860942  |4 aut 
245 1 0 |a Můj Bolehlávek /  |c autorka Helena Beránková ; ilustrace Karolína Shipstead 
264 1 |a [Praha] :  |b Migréna-help,  |c 2023 
300 |a 57 stran :  |b barevné ilustrace ;  |c 21 cm 
336 |a text  |b txt  |2 rdacontent 
337 |a bez média  |b n  |2 rdamedia 
338 |a svazek  |b nc  |2 rdacarrier 
500 |a Obsahuje QR kódy s přístupem k rozšiřujícím materiálům 
500 |a 500 výtisků 
650 0 7 |a migréna  |7 ph122844  |2 czenas 
650 0 7 |a nemoci u dětí  |7 ph134932  |2 czenas 
650 0 9 |a migraine  |2 eczenas 
650 0 9 |a diseases of children  |2 eczenas 
655 7 |a didaktické příběhy  |7 fd132016  |2 czenas 
655 7 |a publikace pro děti  |7 fd133156  |2 czenas 
655 9 |a didactic stories  |2 eczenas 
655 9 |a children's literature  |2 eczenas 
700 1 |a Shipstead, Karolína,  |d 1980-  |7 ola20191021300  |4 ill 
910 2 |a BOA001  |b 2-1513.355 
928 9 |a Spojené hlavy 
990 |a BK 
995 |a 01 
991 |b 202309  |c NOV 
996 6 |b 2610947449  |c 2-1513.355  |l MZK  |r Sklad / do 1 hodiny  |n 0  |p p.v.  |w 001937396  |u 000010  |a 1  |e BOA001  |j MZK50  |s P